Toán 7
Toán 7 cung cấp những kiến thức về Đại số và Hình học
Salvato in:
| Autore principale: | |
|---|---|
| Natura: | Libro |
| Lingua: | Undetermined |
| Pubblicazione: |
Hà Nội
Giáo dục Việt Nam
2016
|
| Soggetti: | |
| Tags: |
Aggiungi Tag
Nessun Tag, puoi essere il primo ad aggiungerne! !
|
| Thư viện lưu trữ: | Trung tâm Học liệu Trường Đại học Cần Thơ |
|---|
| LEADER | 00729nam a2200217Ia 4500 | ||
|---|---|---|---|
| 001 | CTU_217274 | ||
| 008 | 210402s9999 xx 000 0 und d | ||
| 020 | |c 5000 | ||
| 082 | |a 510.712 | ||
| 082 | |b Ch312/T.2 | ||
| 100 | |a Phan, Đức Chính | ||
| 245 | 0 | |a Toán 7 | |
| 245 | 0 | |c Phan Đức Chính (Tổng chủ biên) | |
| 260 | |a Hà Nội | ||
| 260 | |b Giáo dục Việt Nam | ||
| 260 | |c 2016 | ||
| 520 | |a Toán 7 cung cấp những kiến thức về Đại số và Hình học | ||
| 650 | |a Mathematics,Toán học | ||
| 650 | |x Study and teaching (Secondary),Dạy và học (Trung học) | ||
| 904 | |i Hiền,Hải | ||
| 980 | |a Trung tâm Học liệu Trường Đại học Cần Thơ | ||